|
|
|
|
| LEADER |
00937cam a2200217 a 4500 |
| 008 |
960322s1996 gw ab b 001 0 eng |
| 020 |
|
|
|a 3540610774 (softcover)
|
| 020 |
|
|
|a 9783540610779
|
| 035 |
|
|
|a (OCoLC)ocm34515625
|
| 082 |
0 |
0 |
|a 575.1/0724
|2 20
|
| 245 |
0 |
0 |
|a Transgenic organisms and biosafety :
|b horizontal gene transfer, stability of DNA, and expression of transgenes /
|c E.R. Schmidt, T. Hankeln (eds.).
|
| 260 |
|
|
|a Berlin ;
|a New York :
|b Springer,
|c c1996.
|
| 300 |
|
|
|a xx, 335 p., :
|b ill., maps ;
|c 24 cm.
|
| 504 |
|
|
|a Includes bibliographical references and index.
|
| 650 |
|
0 |
|a Transgenic organisms.
|
| 650 |
|
0 |
|a Transgenic organisms
|x Safety measures.
|
| 700 |
1 |
|
|a Hankeln, T.
|q (Thomas),
|d 1959-
|
| 700 |
1 |
|
|a Schmidt, E. R.
|q (Erwin R.)
|
| 942 |
|
|
|c BK
|
| 999 |
|
|
|c 151160
|d 151160
|
| 952 |
|
|
|0 0
|1 0
|4 0
|6 575_107240000000000_SCH_T
|7 0
|9 161563
|a BIO
|b BIO
|c ST1
|d 2018-08-23
|g 0.00
|i 213
|l 0
|o 575.10724 SCH/ T
|p BIO213
|r 2013-12-28
|w 2018-08-10
|y BK
|